000 00229nam a2200097Ia 4500
008 220204s9999 xx 000 0 und d
082 _a058
_bRHE
100 _aVan Draakentey, H V
245 0 _aHortus Malabaricus. 12 V
942 _cBK
999 _c37806
_d37806